| 000 | 00963nam a22002537a 4500 | ||
|---|---|---|---|
| 999 |
_c13339 _d13339 |
||
| 003 | MIRAKIL | ||
| 005 | 20211214000614.0 | ||
| 008 | 190624b tu ||||| |||| 00| 0 tur d | ||
| 020 | _a9786054125418 | ||
| 040 |
_aTR-AnCHP _cTR-AnCHP |
||
| 041 | _atur | ||
| 082 |
_a324.2561 _bÖ92i 2011 |
||
| 100 | 1 |
_aÖzdağ, Ümit _d1961- |
|
| 245 | 1 | 0 |
_aİkinci tek parti dönemi : _bAKP'nin yumuşak hegemon parti projesinin anatomisi / _cÜmit Özdağ. |
| 246 | _aAKP'nin yumuşak hegemon parti projesinin anatomisi | ||
| 260 |
_aAnkara : _bKripto Kitaplar, _c 2011. |
||
| 300 |
_a214 s. ; _c 21 sm. |
||
| 490 | 0 |
_aKripto Kitaplar ; _aAraştırma inceleme dizisi ; _vgenel yayın no: 38. _x 31. |
|
| 504 | _aKaynakça vardır. | ||
| 650 | 0 |
_aSiyaset ve yönetim _xTürkiye _y2002- _99 |
|
| 650 | 0 |
_9804 _aSiyasi partiler _xAdalet ve Kalkınma Partisi (AKP) _xEleştiriler ve yorumlar |
|
| 740 | _aAKP'nin yumuşak hegemon parti projesinin anatomisi | ||
| 942 |
_2ddc _cBKS |
||